<?xml version="1.0" encoding="UTF-8"?>
<record
    xmlns:xsi="http://www.w3.org/2001/XMLSchema-instance"
    xsi:schemaLocation="http://www.loc.gov/MARC21/slim http://www.loc.gov/standards/marcxml/schema/MARC21slim.xsd"
    xmlns="http://www.loc.gov/MARC21/slim">

  <leader>00633nam a22001817a 4500</leader>
  <controlfield tag="003">UA-OsUOA</controlfield>
  <controlfield tag="001"> 17351 </controlfield>
  <controlfield tag="007">ta</controlfield>
  <controlfield tag="008">20040224b un ||||| |||| 00| 0 ukr d</controlfield>
  <datafield tag="100" ind1=" " ind2=" ">
    <subfield code="a">&#x422;&#x440;&#x43E;&#x444;&#x456;&#x43C;&#x43E;&#x432; &#x412;.</subfield>
  </datafield>
  <datafield tag="942" ind1=" " ind2=" ">
    <subfield code="c">SA</subfield>
  </datafield>
  <datafield tag="040" ind1=" " ind2=" ">
    <subfield code="a">UA-OsUOA</subfield>
    <subfield code="c">UA-OsUOA</subfield>
    <subfield code="d">UA-OsUOA</subfield>
  </datafield>
  <datafield tag="245" ind1=" " ind2=" ">
    <subfield code="a">"&#x41D;&#x430;&#x441;&#x43D;&#x430;&#x433;&#x443; &#x447;&#x435;&#x440;&#x43F;&#x430;&#x44E; &#x432; &#x441;&#x456;&#x43C;&#x435;&#x439;&#x43D;&#x43E;&#x43C;&#x443; &#x43A;&#x43E;&#x43B;&#x456;"</subfield>
    <subfield code="b">[&#x420;&#x43E;&#x437;&#x43C;&#x43E;&#x432;&#x430; &#x437; &#x43C;&#x430;&#x439;&#x441;&#x442;&#x440;&#x43E;&#x43C; &#x441;&#x43F;&#x43E;&#x440;&#x442;&#x443; &#x43C;&#x456;&#x436;&#x43D;&#x430;&#x440;. &#x43A;&#x43B;&#x430;&#x441;&#x443; &#x437;&#x456; &#x441;&#x43F;&#x456;&#x434;&#x432;&#x435;&#x44E; &#x412;.&#x422;&#x440;&#x43E;&#x444;&#x456;&#x43C;&#x43E;&#x432;&#x438;&#x43C;]</subfield>
  </datafield>
  <datafield tag="300" ind1=" " ind2=" ">
    <subfield code="a">&#x421;.23</subfield>
  </datafield>
  <datafield tag="955" ind1=" " ind2=" ">
    <subfield code="a">0</subfield>
  </datafield>
  <datafield tag="773" ind1="0" ind2=" ">
    <subfield code="w">0</subfield>
    <subfield code="t">&#x421;&#x456;&#x43C; &#x434;&#x43D;&#x456;&#x432;</subfield>
    <subfield code="d">&#x420;&#x456;&#x432;&#x43D;&#x435;</subfield>
    <subfield code="d">2004</subfield>
    <subfield code="g">&#x2116;5/30 &#x441;&#x456;&#x447;./</subfield>
  </datafield>
  <datafield tag="650" ind1=" " ind2="7">
    <subfield code="a">&#x41A;&#x440;&#x430;&#x454;&#x437;&#x43D;&#x430;&#x432;&#x447;&#x430; &#x440;&#x43E;&#x431;&#x43E;&#x442;&#x430;</subfield>
    <subfield code="2">UDC</subfield>
  </datafield>
  <datafield tag="999" ind1=" " ind2=" ">
    <subfield code="c">303519</subfield>
    <subfield code="d">303519</subfield>
  </datafield>
</record>
